Registo de fincas rústicas abiertas por la prefectura en cumplimiento de lo prevenido, en el artículo primero del superior decreto de 30 de mayo de 1856; y en que constan las manifestaciones y denuncias de capitales impuestos a favor del clero de ambos sectores de la Diócesis de Puebla

Detalles Bibliográficos
Formato: Libro
Publicado: Puebla de los Ángeles, 1856
Materias:
Colección:Banco de datos
Acervo:Biblioteca Palafoxiana. Colección de Manuscritos
Descripción Física:46 manuscritas y 78 en blanco f. ; 25 x 36 cm.
Tema general:Eclesiástica
LEADER 00640nam a22001330004500
035 |a 5307 
245 1 0 |a Registo de fincas rústicas abiertas por la prefectura en cumplimiento de lo prevenido, en el artículo primero del superior decreto de 30 de mayo de 1856; y en que constan las manifestaciones y denuncias de capitales impuestos a favor del clero de ambos sectores de la Diócesis de Puebla 
260 |a Puebla de los Ángeles, 1856 
300 |a 46 manuscritas y 78 en blanco f. ; 25 x 36 cm. 
650 1 0 |a Eclesiástica 
949 |a R601/000 
942 |c PALAMANU 
943 |g Biblioteca Palafoxiana. Colección de Manuscritos 
999 |c 1073252  |d 1073252